The Norton anthology of English literature; V2
Đã lưu trong:
| Định dạng: | Sách |
|---|---|
| Ngôn ngữ: | Undetermined |
| Được phát hành: |
New York
W. W. Norton
1964
|
| Những chủ đề: | |
| Các nhãn: |
Thêm thẻ
Không có thẻ, Là người đầu tiên thẻ bản ghi này!
|
| Thư viện lưu trữ: | Trung tâm Học liệu Trường Đại học Cần Thơ |
|---|
| LEADER | 00512nam a2200169Ia 4500 | ||
|---|---|---|---|
| 001 | CTU_26726 | ||
| 008 | 210402s9999 xx 000 0 und d | ||
| 020 | |b PL 820.9 | ||
| 082 | |a 820 | ||
| 082 | |b N882/T2 | ||
| 245 | 4 | |a The Norton anthology of English literature; V2 | |
| 260 | |a New York | ||
| 260 | |b W. W. Norton | ||
| 260 | |c 1964 | ||
| 650 | |a english literature - collections,english literature - history and criticism | ||
| 904 | |i Minh, 981019 | ||
| 980 | |a Trung tâm Học liệu Trường Đại học Cần Thơ | ||